00288nam a2200109Ia 4500008004100000020001800041100001500059245004400074250001100118260003200129300001700161180205s9999 xx 000 0 und d a9781138124998 aCury, Ivan aDirecting & producting for television / a5th ed aNew york :bRoutledgec2017 av, 325 pages